[Event "46th GRE-chT Premier 2018"]
[Site "Rio Achaia"]
[Date "2018.07.15"]
[Round "7"]
[White "Tsolakidou, Stavroula"]
[Black "Psofimi, Milia"]
[Result "1-0"]
[WhiteElo "2423"]
[BlackElo "1580"]
[Annotator "TA"]
[PlyCount "73"]
[EventDate "2018.07.10"]
[EventType "team-tourn"]
[EventCountry "GRE"]
[SourceTitle "playchess.com"]
[Source "ChessBase"]
[SourceQuality "1"]

1. Nf3 Nf6 2. c4 e6 3. g3 d5 4. Bg2 Be7 5. O-O O-O 6. d4 c6 7. Qc2 Nbd7 8. Nbd2 Re8 9. Rd1 Nf8 10. e4 dxe4 11. Nxe4 Nxe4 12. Qxe4 Bf6 13. Bf4 Ng6 14. Be5 Bxe5 15. dxe5 Qe7 16. h4 h6 17. Rd6 Rd8 18. Rad1 Rxd6 19. Rxd6 Bd7 20. Qd4 Be8 21. Bf1 Nf8 22. Bd3 f5 23. exf6 Qxf6 24. Ne5 Rc8 25. c5 Qe7 26. Bc4 Bf7 27. f4 Qf6 28. Kh2 Re8 29. Bd3 g5 30. fxg5 hxg5 31. Qe3 gxh4 32. Rd4 Ng6 33. Bxg6 Bxg6 34. Rg4 Kg7 35. Rxg6+ Qxg6 36. Nxg6 Kxg6 37. gxh4 1-0

[Event "46th GRE-chT Premier 2018"]
[Site "Rio Achaia"]
[Date "2018.07.15"]
[Round "7"]
[White "Souleidis, Georgios"]
[Black "Malikentzos, Sotirios"]
[Result "1-0"]
[WhiteElo "2415"]
[BlackElo "2420"]
[Annotator "TA"]
[PlyCount "105"]
[EventDate "2018.07.10"]
[EventType "team-tourn"]
[EventCountry "GRE"]
[SourceTitle "playchess.com"]
[Source "ChessBase"]
[SourceQuality "1"]

1. e4 e5 2. Bc4 Nf6 3. d3 c6 4. Nf3 d5 5. Bb3 Bd6 6. exd5 Nxd5 7. O-O O-O 8. Re1 Nd7 9. Bg5 Qc7 10. Na3 Bxa3 11. bxa3 f6 12. c4 Ne7 13. c5+ Kh8 14. Be3 Ng6 15. h4 Ne7 16. d4 e4 17. Nd2 f5 18. Bg5 Nd5 19. f3 N7f6 20. fxe4 fxe4 21. Nxe4 Bg4 22. Qd2 Rad8 23. Nd6 Rxd6 24. cxd6 Qxd6 25. Re5 Bd7 26. Bxd5 Nxd5 27. Rae1 Rf7 28. Qd3 h6 29. Bd2 Kg8 30. Qg3 Kh7 31. Qd3+ g6 32. Rf1 Bf5 33. Qb3 h5 34. Bg5 Kg7 35. Qb2 b5 36. Qc1 Nc7 37. Qc5 Qxc5 38. Rxc5 Ne6 39. Rxc6 Nxd4 40. Ra6 Ne2+ 41. Kh2 Rc7 42. Rf2 Bd3 43. Re6 Nc3 44. Bf4 Rc4 45. Be5+ Kh6 46. Bxc3 Rxc3 47. Rf3 Bc4 48. Rxg6+ Kxg6 49. Rxc3 Bxa2 50. Rc6+ Kf5 51. Rc5+ Kg4 52. Rxb5 Kxh4 53. Ra5 1-0

[Event "46th GRE-chT Premier 2018"]
[Site "Rio Achaia"]
[Date "2018.07.15"]
[Round "7"]
[White "Zimina, Olga"]
[Black "Paehtz, Elisabeth"]
[Result "0-1"]
[WhiteElo "2411"]
[BlackElo "2489"]
[Annotator "TA"]
[PlyCount "100"]
[EventDate "2018.07.10"]
[EventType "team-tourn"]
[EventCountry "GRE"]
[SourceTitle "playchess.com"]
[Source "ChessBase"]
[SourceQuality "1"]

1. Nf3 d5 2. d4 Nf6 3. c4 c6 4. Qb3 e6 5. g3 Nbd7 6. Bg2 Be7 7. O-O O-O 8. Nc3 b6 9. Nd2 Ba6 10. Rd1 b5 11. cxb5 cxb5 12. Nxb5 Rb8 13. a4 Qa5 14. Qa2 Bxb5 15. axb5 Qxb5 16. Qa6 Qxa6 17. Rxa6 Rb7 18. Nc4 Rc8 19. Na5 Rbc7 20. Bf4 Nb8 21. Bxc7 Rxc7 22. Rc6 Rxc6 23. Nxc6 Nxc6 24. e3 Bd8 25. Rc1 Ne7 26. h4 Bb6 27. Bf3 Ne8 28. Be2 Nd6 29. Kg2 f6 30. Bd3 e5 31. dxe5 fxe5 32. Kf1 h6 33. Bb1 Kf7 34. Ba2 Kf6 35. Rd1 d4 36. exd4 Bxd4 37. Rd3 Nef5 38. Rf3 h5 39. b4 Ne4 40. Kg2 Nc3 41. Bf7 e4 42. Rf4 Be5 43. Bxh5 Bxf4 44. gxf4 Nxh4+ 45. Kh3 Nf5 46. Be8 Nd5 47. Bc6 Nxb4 48. Bxe4 Nd6 49. Bf3 a5 50. Bd1 Ne4 0-1

[Event "46th GRE-chT Premier 2018"]
[Site "Rio Achaia"]
[Date "2018.07.15"]
[Round "7"]
[White "Prince, Bajaj"]
[Black "Kanakaris, Georgios"]
[Result "1-0"]
[WhiteElo "2404"]
[BlackElo "2409"]
[Annotator "NA"]
[PlyCount "107"]
[EventDate "2018.07.10"]
[EventType "team-tourn"]
[EventCountry "GRE"]
[SourceTitle "playchess.com"]
[Source "ChessBase"]
[SourceQuality "1"]

1. e4 c5 2. Nf3 d6 3. Bb5+ Bd7 4. Bxd7+ Qxd7 5. c4 Nc6 6. d4 cxd4 7. Nxd4 Nf6 8. Nc3 g6 9. f3 Bg7 10. Be3 O-O 11. O-O Rfc8 12. Nde2 b6 13. Qd2 Qb7 14. Rac1 Ne5 15. b3 Nfd7 16. Bd4 Nc5 17. f4 Ned3 18. Rcd1 e5 19. Bxc5 Nxc5 20. f5 Nxe4 21. Nxe4 Qxe4 22. f6 Bf8 23. Nc3 Qh4 24. Qe2 e4 25. Qxe4 Qxe4 26. Nxe4 Re8 27. Nc3 Re6 28. Nd5 Rc8 29. Rfe1 Rd8 30. g4 g5 31. Kf2 h6 32. Re3 Rxe3 33. Kxe3 Re8+ 34. Kf2 Kh7 35. Re1 Rb8 36. a4 Kg6 37. Kf3 h5 38. h3 h4 39. Re4 a5 40. Ke3 Rd8 41. Kd4 Rb8 42. Re2 Rd8 43. Kc3 Rb8 44. b4 Rd8 45. b5 Rb8 46. Kd4 Kh7 47. Re4 Kg6 48. Ke3 Kh7 49. Kf3 Kg6 50. Re1 Kh7 51. Re7 Kg6 52. Rc7 Re8 53. Rc6 Re1 54. Rxb6 1-0

[Event "46th GRE-chT Premier 2018"]
[Site "Rio Achaia"]
[Date "2018.07.15"]
[Round "7"]
[White "Dochev, Dimitar"]
[Black "Giannoulakis, Lampros"]
[Result "1-0"]
[WhiteElo "2399"]
[BlackElo "2287"]
[Annotator "NA"]
[PlyCount "77"]
[EventDate "2018.07.10"]
[EventType "team-tourn"]
[EventCountry "GRE"]
[SourceTitle "playchess.com"]
[Source "ChessBase"]
[SourceQuality "1"]

1. e4 c5 2. Nf3 d6 3. d4 cxd4 4. Nxd4 Nf6 5. Nc3 a6 6. Be3 e5 7. Nf3 Qc7 8. a4 Be7 9. a5 Nbd7 10. Nd2 Nc5 11. Nd5 Nxd5 12. exd5 Bf5 13. Be2 O-O 14. O-O Bg6 15. b4 Nd7 16. c4 f5 17. f3 Qd8 18. Kh1 Bg5 19. Bg1 Nf6 20. Nb3 h5 21. f4 Bxf4 22. Nd4 Ne4 23. Ra3 exd4 24. Rxf4 Nc3 25. Qf1 Qg5 26. Bd3 Rae8 27. Bxd4 Ne4 28. g3 Re7 29. Ra2 Rfe8 30. Kg2 Rc7 31. Re2 Rce7 32. c5 h4 33. Re3 hxg3 34. hxg3 Bf7 35. Rxf5 Qg6 36. Qf4 dxc5 37. bxc5 Nd2 38. Rxe7 Rxe7 39. Qxd2 1-0

[Event "46th GRE-chT Premier 2018"]
[Site "Rio Achaia"]
[Date "2018.07.15"]
[Round "7"]
[White "Kourousis, Epaminondas"]
[Black "Naoum, Spyridon"]
[Result "1-0"]
[WhiteElo "2399"]
[BlackElo "2335"]
[Annotator "NA"]
[PlyCount "115"]
[EventDate "2018.07.10"]
[EventType "team-tourn"]
[EventCountry "GRE"]
[SourceTitle "playchess.com"]
[Source "ChessBase"]
[SourceQuality "1"]

1. Nf3 Nf6 2. b3 d6 3. d4 g6 4. Bb2 Bg7 5. g3 b6 6. Bg2 Bb7 7. O-O O-O 8. c4 Nbd7 9. Qc2 Qe8 10. Nc3 a6 11. e4 e5 12. dxe5 dxe5 13. Nd5 Rc8 14. Ba3 c5 15. Rad1 Bxd5 16. exd5 Nh5 17. Rfe1 Qd8 18. Bb2 Re8 19. d6 f5 20. Qd2 e4 21. Qd5+ Kf8 22. Bxg7+ Nxg7 23. Nd2 Qf6 24. Qb7 Rcd8 25. Nf1 Ne6 26. Rd5 Nd4 27. Qxa6 Qf7 28. Rd1 Ra8 29. Qb7 Rxa2 30. R5xd4 cxd4 31. Rxd4 Rea8 32. b4 Kg7 33. h3 R8a7 34. Qc6 Qf6 35. Qd5 Qe5 36. Ne3 Qxd5 37. Rxd5 R2a4 38. Rb5 Ra1+ 39. Bf1 Rc1 40. Kg2 Kf6 41. g4 f4 42. Nd5+ Kg5 43. Nc3+ Kh4 44. Nxe4 f3+ 45. Kxf3 Rxf1 46. Kg2 Raa1 47. Ng3 Rg1+ 48. Kh2 Rge1 49. c5 Re5 50. Kg2 Rd1 51. Nf1 bxc5 52. Nh2 Rd3 53. Rb7 Nf6 54. Rf7 Re6 55. bxc5 Ne4 56. d7 Rf6 57. Rxf6 Kg5 58. Rd6 1-0

[Event "46th GRE-chT Premier 2018"]
[Site "Rio Achaia"]
[Date "2018.07.15"]
[Round "7"]
[White "Gouloutis, Nikolaos"]
[Black "Kazantzidis, Ilias"]
[Result "0-1"]
[WhiteElo "2382"]
[BlackElo "2182"]
[Annotator "NA"]
[PlyCount "166"]
[EventDate "2018.07.10"]
[EventType "team-tourn"]
[EventCountry "GRE"]
[SourceTitle "playchess.com"]
[Source "ChessBase"]
[SourceQuality "1"]

1. Nf3 d5 2. c4 e6 3. g3 Nf6 4. Bg2 Be7 5. O-O O-O 6. b3 c5 7. Bb2 d4 8. e3 Nc6 9. exd4 cxd4 10. Re1 Bc5 11. d3 Re8 12. Ba3 Nd7 13. Bxc5 Nxc5 14. Ne5 Nxe5 15. Rxe5 Qd6 16. Re1 a5 17. Na3 Bd7 18. Nb5 Bxb5 19. cxb5 Ra7 20. Rc1 Rc8 21. Rc4 b6 22. Qc2 Rac7 23. Rc1 g6 24. Bh3 f5 25. Bg2 e5 26. Bc6 Kg7 27. a3 Ne6 28. b4 axb4 29. axb4 Kf6 30. Ra1 Rb8 31. Ra6 h5 32. h4 Nd8 33. Qc1 Ne6 34. Qh6 Qe7 35. Qd2 Qd6 36. Rc2 f4 37. Rca2 g5 38. hxg5+ Nxg5 39. Qd1 Qxb4 40. Qxh5 Qe1+ 41. Kg2 Rh7 42. Ra1 f3+ 43. Bxf3 Rxh5 44. Rxe1 Rh2+ 45. Kf1 Nxf3 46. Rea1 Rh1+ 47. Ke2 Ng1+ 48. Kd2 Nf3+ 49. Ke2 Rxa1 50. Rxa1 Ng5 51. Rc1 Nf7 52. Rc6+ Ke7 53. f4 exf4 54. gxf4 Nd6 55. Kf3 Ke6 56. Rc2 Kd5 57. Rg2 Nxb5 58. Rg5+ Kc6 59. Ke2 Re8+ 60. Kd2 Rf8 61. Rg4 Nd6 62. Kc2 Rf5 63. Kb3 Kc5 64. Rh4 b5 65. Rg4 Nf7 66. Rh4 Nd8 67. Rh8 Nc6 68. Rh4 Ne7 69. Rh7 Nd5 70. Rh8 Rxf4 71. Rc8+ Kb6 72. Rb8+ Kc6 73. Rc8+ Nc7 74. Rh8 Rf3 75. Rh6+ Kc5 76. Rh5+ Nd5 77. Kc2 Rf2+ 78. Kc1 b4 79. Rh8 b3 80. Rc8+ Kb4 81. Rb8+ Kc3 82. Rc8+ Kxd3 83. Rc3+ dxc3 0-1

[Event "46th GRE-chT Premier 2018"]
[Site "Rio Achaia"]
[Date "2018.07.15"]
[Round "7"]
[White "Maier, Christian"]
[Black "Sigalas, Frangiskos"]
[Result "1/2-1/2"]
[WhiteElo "2378"]
[BlackElo "2213"]
[Annotator "NA"]
[PlyCount "150"]
[EventDate "2018.07.10"]
[EventType "team-tourn"]
[EventCountry "GRE"]
[SourceTitle "playchess.com"]
[Source "ChessBase"]
[SourceQuality "1"]

1. e4 e6 2. d3 d5 3. Nd2 Nf6 4. Ngf3 Bc5 5. e5 Nfd7 6. d4 Be7 7. h4 c5 8. Nb3 c4 9. Nbd2 f6 10. exf6 Bxf6 11. g3 Nc6 12. Bh3 e5 13. dxe5 Ndxe5 14. Bxc8 Rxc8 15. Nxe5 Nxe5 16. O-O O-O 17. f4 Nc6 18. Nf3 d4 19. Qe2 Qd5 20. Qf2 Rfe8 21. Bd2 d3 22. cxd3 cxd3 23. Be3 Bxb2 24. Qxb2 Rxe3 25. Qb3 Rd8 26. Qxd5+ Rxd5 27. Rad1 Nd4 28. Nxd4 Rxd4 29. Kg2 Kf7 30. Rd2 Kf6 31. Kf2 Re7 32. Rfd1 Red7 33. h5 h6 34. Kf3 b5 35. g4 a5 36. Rb1 b4 37. Rc1 Ke6 38. Rc5 R4d5 39. Rc6+ R7d6 40. Rc7 Rd7 41. Rc6+ R7d6 42. Rc7 Kf6 43. Rc4 Re6 44. Kf2 Rb6 45. Ke3 Re6+ 46. Kf2 Rb6 47. Ke3 a4 48. Rxd3 Rxd3+ 49. Kxd3 b3 50. axb3 axb3 51. Rc1 b2 52. Rb1 Rb4 53. Ke3 Ke6 54. Kf3 Rb3+ 55. Ke4 Rb4+ 56. Kf3 Kd5 57. g5 Kd4 58. Kg4 Ke4 59. Re1+ Kd3 60. Kf5 b1=Q 61. Rxb1 Rxb1 62. Kg6 hxg5 63. fxg5 Rg1 64. Kf5 Rh1 65. Kg6 Rg1 66. Kf5 Rh1 67. Kg6 Ke4 68. Kxg7 Rxh5 69. Kf6 Kf4 70. g6 Rf5+ 71. Ke7 Ra5 72. g7 Ra8 73. Kf7 Kf5 74. g8=Q Rxg8 75. Kxg8 Ke4 1/2-1/2

[Event "46th GRE-chT Premier 2018"]
[Site "Rio Achaia"]
[Date "2018.07.15"]
[Round "7"]
[White "Tomici, Stefan"]
[Black "Nikolaidis, Konstantinos"]
[Result "1/2-1/2"]
[WhiteElo "2369"]
[BlackElo "2182"]
[Annotator "NA"]
[PlyCount "91"]
[EventDate "2018.07.10"]
[EventType "team-tourn"]
[EventCountry "GRE"]
[SourceTitle "playchess.com"]
[Source "ChessBase"]
[SourceQuality "1"]

1. c4 Nf6 2. g3 e6 3. Bg2 d5 4. Nf3 Be7 5. O-O O-O 6. b3 c5 7. Bb2 Nc6 8. e3 b6 9. Qe2 Bb7 10. Nc3 Qd7 11. cxd5 exd5 12. d4 Rad8 13. Rfd1 Qe6 14. Rac1 Nb4 15. Ne5 Nd7 16. Nxd7 Rxd7 17. Qd2 Rfd8 18. a3 Nc6 19. Ne2 cxd4 20. exd4 Bd6 21. b4 Ne7 22. Re1 Qf6 23. Qd3 Rc7 24. Rxc7 Bxc7 25. Bc1 Nf5 26. Rd1 Re8 27. Bf4 Bxf4 28. Nxf4 Rd8 29. Qc3 Rc8 30. Qd3 Rd8 31. Bh3 Nd6 32. Re1 g6 33. Bg2 Ne4 34. Rc1 Rd7 35. Rc2 Qd6 36. f3 Nf6 37. Kf2 Rc7 38. Ne2 h5 39. Rxc7 Qxc7 40. Qc3 Qd7 41. Nf4 Kg7 42. Bh3 Qd8 43. Bf1 Qd7 44. Qe3 Qc7 45. Be2 Qd6 46. Bd3 1/2-1/2

[Event "46th GRE-chT Premier 2018"]
[Site "Rio Achaia"]
[Date "2018.07.15"]
[Round "7"]
[White "Papadopoulos, Georgios"]
[Black "Skembris, Spyridon"]
[Result "1/2-1/2"]
[WhiteElo "2352"]
[BlackElo "2393"]
[Annotator "NA"]
[PlyCount "104"]
[EventDate "2018.07.10"]
[EventType "team-tourn"]
[EventCountry "GRE"]
[SourceTitle "playchess.com"]
[Source "ChessBase"]
[SourceQuality "1"]

1. d4 Nf6 2. Bf4 c5 3. d5 d6 4. Nc3 e5 5. dxe6 Bxe6 6. e4 Nc6 7. Nf3 d5 8. exd5 Nxd5 9. Nxd5 Qxd5 10. Qxd5 Bxd5 11. O-O-O O-O-O 12. Be2 g6 13. Rd2 Be7 14. Rhd1 Bxf3 15. Rxd8+ Rxd8 16. Rxd8+ Bxd8 17. Bxf3 Nd4 18. Bd1 Ne6 19. Be3 Bg5 20. Kd2 Kd7 21. Bxg5 Nxg5 22. Kd3 Kd6 23. h4 Ne6 24. g3 b5 25. c3 f5 26. Bf3 c4+ 27. Ke3 Nc5 28. Kd4 Ne6+ 29. Ke3 h6 30. Bd1 Nc5 31. Bc2 h5 32. Kf4 Ne6+ 33. Ke3 Ke5 34. b3 Nc5 35. b4 Ne6 36. a4 f4+ 37. Kf3 fxg3 38. fxg3 g5 39. axb5 gxh4 40. gxh4 Nc7 41. Bg6 Nxb5 42. Bf7 Nxc3 43. Bxc4 Nd5 44. b5 Ne7 45. Bf7 Nf5 46. Bxh5 Nxh4+ 47. Ke3 Nf5+ 48. Kd2 Nd6 49. Be2 Kd4 50. Kc2 Kc5 51. Kb3 Nxb5 52. Bxb5 Kxb5 1/2-1/2

[Event "46th GRE-chT Premier 2018"]
[Site "Rio Achaia"]
[Date "2018.07.15"]
[Round "7"]
[White "Kalogeris, Ioannis"]
[Black "Zahilas, Loukas N"]
[Result "1-0"]
[WhiteElo "2339"]
[BlackElo "2168"]
[Annotator "NA"]
[PlyCount "63"]
[EventDate "2018.07.10"]
[EventType "team-tourn"]
[EventCountry "GRE"]
[SourceTitle "playchess.com"]
[Source "ChessBase"]
[SourceQuality "1"]

1. Nf3 Nf6 2. c4 e6 3. d4 d5 4. e3 Be7 5. Nc3 O-O 6. Bd2 c6 7. Qc2 Nbd7 8. a4 a5 9. Bd3 dxc4 10. Bxc4 Nd5 11. O-O N7f6 12. e4 Nb4 13. Qb3 Qc7 14. Rac1 Qb8 15. Bg5 Re8 16. Rfe1 Kf8 17. h3 h6 18. Bh4 Ng8 19. e5 Bxh4 20. Nxh4 Ne7 21. Ne4 Kg8 22. Qg3 Kh8 23. Rc3 Nbd5 24. Nd6 Rf8 25. Rf3 Kg8 26. Re4 Nf5 27. Nhxf5 exf5 28. Bxd5 cxd5 29. Rh4 Kh7 30. Rxf5 Be6 31. Rf6 gxf6 32. Qf4 1-0

[Event "46th GRE-chT Premier 2018"]
[Site "Rio Achaia"]
[Date "2018.07.15"]
[Round "7"]
[White "Papakonstantinou, Dimitrios"]
[Black "Samaridis, Konstantinos"]
[Result "*"]
[WhiteElo "2336"]
[BlackElo "2103"]
[Annotator "NA"]
[PlyCount "56"]
[EventDate "2018.07.10"]
[EventType "team-tourn"]
[EventCountry "GRE"]
[SourceTitle "playchess.com"]
[Source "ChessBase"]
[SourceQuality "1"]

1. d4 Nf6 2. Nf3 d5 3. c4 e6 4. Nc3 dxc4 5. e3 a6 6. a4 c5 7. Bxc4 Nc6 8. O-O Be7 9. b3 O-O 10. Bb2 cxd4 11. exd4 Nb4 12. Ne5 b6 13. Qf3 Ra7 14. Rad1 Bb7 15. Qh3 Nbd5 16. Ne2 g6 17. Bc1 Nh5 18. f4 Ng7 19. Ng3 b5 20. Bd3 Nc3 21. Rde1 Nf5 22. Nxf5 exf5 23. Bxf5 Na2 24. Be4 Bb4 25. Bxb7 Rxb7 26. Nc6 Qd6 27. Nxb4 Qxd4+ 28. Qe3 Qxb4 *

[Event "46th GRE-chT Premier 2018"]
[Site "Rio Achaia"]
[Date "2018.07.15"]
[Round "7"]
[White "Markidis, Konstantinos"]
[Black "Tsanas, Athanasios"]
[Result "1/2-1/2"]
[WhiteElo "2329"]
[BlackElo "2302"]
[Annotator "NA"]
[PlyCount "49"]
[EventDate "2018.07.10"]
[EventType "team-tourn"]
[EventCountry "GRE"]
[SourceTitle "playchess.com"]
[Source "ChessBase"]
[SourceQuality "1"]

1. e4 c5 2. Nf3 d6 3. Bb5+ Nd7 4. c3 Ngf6 5. Bd3 Ne5 6. Nxe5 dxe5 7. Qe2 g6 8. Bc4 Bg7 9. O-O O-O 10. d3 Nh5 11. Be3 b6 12. a4 Bb7 13. g3 Qd7 14. Nd2 h6 15. Nf3 Kh7 16. Nh4 Qh3 17. f3 Qd7 18. Ng2 f5 19. Bb5 Qd6 20. Rad1 Rad8 21. Bc1 e6 22. Bc4 Qc6 23. Bb5 Qd6 24. Bc4 Qc6 25. Bb5 1/2-1/2

[Event "46th GRE-chT Premier 2018"]
[Site "Rio Achaia"]
[Date "2018.07.15"]
[Round "7"]
[White "Michna, Marta"]
[Black "Petraki, Maria"]
[Result "1-0"]
[WhiteElo "2322"]
[BlackElo "1962"]
[Annotator "NA"]
[PlyCount "77"]
[EventDate "2018.07.10"]
[EventType "team-tourn"]
[EventCountry "GRE"]
[SourceTitle "playchess.com"]
[Source "ChessBase"]
[SourceQuality "1"]

1. Nf3 c5 2. d3 Nc6 3. e4 d6 4. Be2 Nf6 5. c3 Bd7 6. O-O Qc7 7. a4 g6 8. Na3 Bg7 9. Re1 O-O 10. Bf1 a6 11. Bd2 e5 12. Nh4 d5 13. g3 Be6 14. exd5 Nxd5 15. Qc2 Rae8 16. Bg2 Qd7 17. Nc4 b5 18. axb5 axb5 19. Na5 Nxa5 20. Rxa5 Rc8 21. Nf3 h6 22. Ra6 Nc7 23. Ra7 Qd6 24. d4 Qb6 25. Rea1 exd4 26. cxd4 cxd4 27. Qd3 Rfd8 28. Nh4 Bc4 29. Qa3 Bf8 30. b4 Bd5 31. Bxd5 Nxd5 32. Ra6 Qc7 33. Nxg6 fxg6 34. Rxg6+ Kh8 35. Qf3 Rd6 36. Rc1 Nc3 37. Bf4 Qh7 38. Be5+ Bg7 39. Rxg7 1-0

[Event "46th GRE-chT Premier 2018"]
[Site "Rio Achaia"]
[Date "2018.07.15"]
[Round "7"]
[White "Bednarek, Sylwester"]
[Black "Czarnota, Pawel"]
[Result "0-1"]
[WhiteElo "2307"]
[BlackElo "2549"]
[Annotator "TA"]
[PlyCount "90"]
[EventDate "2018.07.10"]
[EventType "team-tourn"]
[EventCountry "GRE"]
[SourceTitle "playchess.com"]
[Source "ChessBase"]
[SourceQuality "1"]

1. d4 Nf6 2. Bg5 d5 3. Bxf6 gxf6 4. g3 c5 5. c3 Qb6 6. Qd2 Nc6 7. dxc5 Qxc5 8. Bg2 e6 9. Nh3 h5 10. Nf4 h4 11. O-O hxg3 12. hxg3 Bd7 13. b4 Qb6 14. Bxd5 Rg8 15. Nh5 O-O-O 16. Bf3 Ne5 17. Qd4 Nxf3+ 18. exf3 Qxd4 19. cxd4 Bc6 20. d5 exd5 21. a3 Rh8 22. g4 f5 23. Rc1 Kb8 24. Ng3 d4 25. Rxc6 bxc6 26. Nxf5 Bh6 27. Nxh6 Rxh6 28. Nd2 f5 29. Kg2 Rdh8 30. Nf1 f4 31. Rd1 Rd8 32. Rd3 Re6 33. Rd1 d3 34. Nd2 a5 35. Ne4 axb4 36. axb4 Ka7 37. g5 Kb6 38. Kh3 Kb5 39. Nc5 Red6 40. Nb7 Kxb4 41. Rb1+ Kc3 42. Nxd8 Rxd8 43. Rc1+ Kb2 44. Rxc6 d2 45. Rb6+ Kc2 0-1

[Event "46th GRE-chT Premier 2018"]
[Site "Rio Achaia"]
[Date "2018.07.15"]
[Round "7"]
[White "Trimitzios, Petros"]
[Black "Karapiperis, Alexandros"]
[Result "1-0"]
[WhiteElo "2300"]
[BlackElo "1973"]
[Annotator "NA"]
[PlyCount "149"]
[EventDate "2018.07.10"]
[EventType "team-tourn"]
[EventCountry "GRE"]
[SourceTitle "playchess.com"]
[Source "ChessBase"]
[SourceQuality "1"]

1. Nf3 d5 2. c4 e6 3. d4 Nf6 4. g3 Be7 5. Bg2 O-O 6. Qc2 c6 7. O-O Nbd7 8. Nbd2 b6 9. e4 Bb7 10. b3 Rc8 11. Bb2 Qc7 12. Rac1 Nxe4 13. Nxe4 dxe4 14. Qxe4 c5 15. Qe2 Bf6 16. Rfd1 Bxf3 17. Bxf3 cxd4 18. Bxd4 Bxd4 19. Rxd4 Ne5 20. Bg2 Rfd8 21. Rcd1 Rxd4 22. Rxd4 Nc6 23. Rd2 g6 24. Bxc6 Qxc6 25. Qd3 a5 26. Qd7 Qc5 27. Qb7 a4 28. Rd7 Rf8 29. Rc7 Qb4 30. bxa4 Qxa4 31. Qxb6 Qxa2 32. Qb7 Qa1+ 33. Kg2 Qa8 34. Rxf7 Qxb7+ 35. Rxb7 Rc8 36. Rb4 Kf7 37. Kf3 Ke7 38. Ke4 Kd6 39. Rb6+ Ke7 40. Kd4 Rd8+ 41. Ke5 Rd2 42. Rxe6+ Kd7 43. Rf6 Ke7 44. Rf3 Rd1 45. Ra3 h5 46. Ra7+ Kd8 47. Kf6 Rd2 48. Kxg6 Rxf2 49. Kxh5 Rxh2+ 50. Kg5 Rc2 51. Ra4 Ke7 52. g4 Kf7 53. Ra7+ Ke6 54. Rc7 Kd6 55. Rc8 Kd7 56. Rc5 Kd6 57. Rd5+ Ke6 58. Rd4 Ke5 59. Rd1 Rxc4 60. Re1+ Kd6 61. Kh5 Rc2 62. g5 Rh2+ 63. Kg6 Rg2 64. Kh6 Rh2+ 65. Kg7 Rg2 66. g6 Rg3 67. Kh7 Rh3+ 68. Kg8 Rg3 69. g7 Rh3 70. Kf8 Rf3+ 71. Ke8 Rg3 72. Re7 Ra3 73. Kf8 Rg3 74. Rf7 Ke6 75. g8=Q 1-0

[Event "46th GRE-chT Premier 2018"]
[Site "Rio Achaia"]
[Date "2018.07.15"]
[Round "7"]
[White "Vlahos, Kiriakos"]
[Black "Gazis, Efstathios"]
[Result "1/2-1/2"]
[WhiteElo "2293"]
[BlackElo "2195"]
[Annotator "NA"]
[PlyCount "61"]
[EventDate "2018.07.10"]
[EventType "team-tourn"]
[EventCountry "GRE"]
[SourceTitle "playchess.com"]
[Source "ChessBase"]
[SourceQuality "1"]

1. c4 c5 2. g3 d6 3. Bg2 Nc6 4. Nc3 g6 5. d3 Bg7 6. Nf3 Nf6 7. O-O O-O 8. Rb1 Rb8 9. a3 b6 10. b3 e6 11. Bb2 Bb7 12. e3 Qe7 13. Qe2 d5 14. Rfd1 dxc4 15. dxc4 Rfd8 16. Ba1 Rxd1+ 17. Rxd1 Rd8 18. h3 Rxd1+ 19. Qxd1 Qd7 20. Qc2 Ne8 21. Bb2 Ne5 22. Nxe5 Bxe5 23. Na4 Bxg2 24. Kxg2 Bxb2 25. Nxb2 h5 26. Qd1 Qxd1 27. Nxd1 Kf8 28. Nc3 Nc7 29. Kf3 Ke7 30. h4 Kd7 31. Ke2 1/2-1/2

[Event "46th GRE-chT Premier 2018"]
[Site "Rio Achaia"]
[Date "2018.07.15"]
[Round "7"]
[White "Patrelakis, Evaggelos"]
[Black "Giatrakos, Orestis"]
[Result "0-1"]
[WhiteElo "2285"]
[BlackElo "1860"]
[Annotator "NA"]
[PlyCount "64"]
[EventDate "2018.07.10"]
[EventType "team-tourn"]
[EventCountry "GRE"]
[SourceTitle "playchess.com"]
[Source "ChessBase"]
[SourceQuality "1"]

1. e4 c5 2. Nf3 Nc6 3. d4 cxd4 4. Nxd4 Nf6 5. Nc3 d6 6. Bg5 Bd7 7. Qd2 Rc8 8. O-O-O Qa5 9. f4 h6 10. Bh4 Nxd4 11. Qxd4 g5 12. Be1 gxf4 13. Nd5 Qxa2 14. Nxf6+ exf6 15. Bc3 Be7 16. Be2 Rg8 17. Rhg1 a6 18. Rdf1 Rg5 19. h4 Re5 20. Qd3 Rec5 21. Qd4 d5 22. e5 Bf5 23. Qxf4 Rxc3 24. Qxf5 Rxc2+ 25. Qxc2 Rxc2+ 26. Kxc2 Qa4+ 27. Kc1 fxe5 28. Bh5 Kd8 29. Bxf7 Bc5 30. Rh1 Qe4 31. Kd2 Be3+ 32. Ke2 Bf4+ 0-1

[Event "46th GRE-chT Premier 2018"]
[Site "Rio Achaia"]
[Date "2018.07.15"]
[Round "7"]
[White "Botsari, Anna-Maria"]
[Black "Pavlidou, Ekaterini"]
[Result "1/2-1/2"]
[WhiteElo "2284"]
[BlackElo "2186"]
[Annotator "NA"]
[PlyCount "27"]
[EventDate "2018.07.10"]
[EventType "team-tourn"]
[EventCountry "GRE"]
[SourceTitle "playchess.com"]
[Source "ChessBase"]
[SourceQuality "1"]

1. d4 Nf6 2. c4 e6 3. g3 d5 4. Nf3 c6 5. Qc2 Bb4+ 6. Bd2 Be7 7. Bg2 O-O 8. O-O Nbd7 9. Rd1 b6 10. Bf4 Nh5 11. Bc1 Nhf6 12. Bf4 Nh5 13. Bc1 Nhf6 14. Bf4 1/2-1/2

[Event "46th GRE-chT Premier 2018"]
[Site "Rio Achaia"]
[Date "2018.07.15"]
[Round "7"]
[White "Drakoulakos, Grigorios"]
[Black "Mihailidis, Anastasios"]
[Result "1/2-1/2"]
[WhiteElo "2276"]
[BlackElo "2265"]
[Annotator "NA"]
[PlyCount "75"]
[EventDate "2018.07.10"]
[EventType "team-tourn"]
[EventCountry "GRE"]
[SourceTitle "playchess.com"]
[Source "ChessBase"]
[SourceQuality "1"]

1. Nf3 d5 2. c4 e6 3. g3 Nf6 4. Bg2 Be7 5. O-O O-O 6. d4 c6 7. Qc2 Nbd7 8. Nbd2 b6 9. e4 dxe4 10. Nxe4 Bb7 11. Rd1 Rc8 12. Bf4 Nxe4 13. Qxe4 Nf6 14. Qe2 Bd6 15. Ne5 Qe7 16. Bg5 h6 17. Bxf6 gxf6 18. Ng4 f5 19. Ne3 Rfd8 20. d5 Bc5 21. dxe6 fxe6 22. Nc2 a5 23. Qe5 Kf7 24. Nd4 Qf6 25. Nf3 Qxe5 26. Nxe5+ Ke7 27. Rxd8 Rxd8 28. Bxc6 Bd4 29. Ng6+ Kf6 30. Bxb7 Kxg6 31. Re1 Kf6 32. Re2 Bc5 33. b3 Bb4 34. Kg2 Rd2 35. Rxd2 Bxd2 36. f4 e5 37. fxe5+ Kxe5 38. Kf3 1/2-1/2

[Event "46th GRE-chT Premier 2018"]
[Site "Rio Achaia"]
[Date "2018.07.15"]
[Round "7"]
[White "Radeva, Viktoria"]
[Black "Cibickova, Zuzana"]
[Result "1/2-1/2"]
[WhiteElo "2274"]
[BlackElo "2292"]
[Annotator "NA"]
[PlyCount "47"]
[EventDate "2018.07.10"]
[EventType "team-tourn"]
[EventCountry "GRE"]
[SourceTitle "playchess.com"]
[Source "ChessBase"]
[SourceQuality "1"]

1. e4 e5 2. Nf3 Nc6 3. Bc4 Nf6 4. d3 Be7 5. O-O O-O 6. c3 d6 7. a4 Na5 8. Ba2 c5 9. Na3 Nc6 10. Re1 h6 11. h3 a6 12. Nc4 Be6 13. Bb3 Re8 14. Ne3 Bf8 15. Bxe6 Rxe6 16. Qb3 Re8 17. Bd2 Rc8 18. Rac1 Qc7 19. c4 Rb8 20. Nd5 Qd8 21. Nb6 Nd7 22. Nd5 Nf6 23. Nb6 Nd7 24. Nd5 1/2-1/2